000 00631nam a2200217 i 4500
001 133853
003 ES-MaACL
005 20240522063050.0
007 t|
008 070903s1919 fr ||||1| fre d
080 _a821.133.1-3
100 0 _aDe Amicis, Edmondo,
_d1846-1908
_943032
245 1 3 _aDu Coeur!
_b: = (Cuore) /
_cEdmondo de Amicis.
250 _aNouvelle trad. ill.
260 _aLaussann :
_bLibrairie Payot,
_c1919.
300 _a322 p. ;
_c19 cm.
500 _aBiblioteca Jacinto Martínez Lacalle.
740 0 _aCuore.
852 _aES-MaACL
_jE-12105
_bR.140026
999 _c133853
_d133853